Подробности
| 000 -МАРКЕР |
| контрольное поле |
01942nam0a2200337 4500 |
| 001 - ИДЕНТИФИКАТОР ЗАПИСИ |
| контрольное поле |
RU\NLR\bibl\818973 |
| 005 - ИДЕНТИФИКАТОР ВЕРСИИ |
| контрольное поле |
20260405075524.0 |
| 010 ## - МЕЖДУНАРОДНЫЙ СТАНДАРТНЫЙ НОМЕР КНИГИ (ISBN) |
| Номер (ISBN) |
5-7017-0729-6 |
| Тираж |
500 |
| 021 ## - НОМЕР ГОСУДАРСТВЕННОЙ РЕГИСТРАЦИИ |
| Код страны |
российская федерация |
| Номер |
2005-31234 |
| Номер Листа государственной регистраци |
1565 |
| 035 ## - ДРУГИЕ СИСТЕМНЫЕ НОМЕРА |
| Идентификатор записи |
(NLR Aleph) 000807897 |
| 100 ## - ДАННЫЕ ОБЩЕЙ ОБРАБОТКИ |
| Данные общей обработки |
20050712d2004 |||y0rusy50 ca |
| 101 0# - ЯЗЫК РЕСУРСА |
| Язык текста, звукозаписи и т.д. |
русский |
| -- |
немецкий |
| 102 ## - СТРАНА ПУБЛИКАЦИИ ИЛИ ПРОИЗВОДСТВА |
| Страна публикации |
российская федерация |
| 105 ## - ПОЛЕ КОДИРОВАННЫХ ДАННЫХ: ТЕКСТОВЫЕ МАТЕРИАЛЫ, МОНОГРАФИЧЕСКИЕ |
| Кодированные данные о монографическом текстовом документе |
y ||||||||| |
| 200 1# - ЗАГЛАВИЕ И СВЕДЕНИЯ ОБ ОТВЕТСТВЕННОСТИ |
| Основное заглавие |
Фразеология современного немецкого языка |
| Сведения, относящиеся к заглавию |
(учебное пособие по спецкурсу с упражнениями) |
| -- |
для студентов лингвистических университетов и факультетов иностранных языков высших педагогических учебных заведений |
| Первые сведения об ответственности |
А.Е. Гусева |
| Последующие сведения об ответственности |
[М-во образования и науки РФ, Моск. гос. обл. ун-т, Ин-т лингвистики и межкультур. коммуникации] |
| 210 ## - ПУБЛИКАЦИЯ, РАСПРОСТРАНЕНИЕ И ДР. |
| Место издания, распространения и т.д. |
Москва |
| Имя издателя, распространителя и т. д. |
Изд-во МГОУ |
| Дата издания, распространения и т.д. |
2004 |
| 215 ## - ФИЗИЧЕСКАЯ ХАРАКТЕРИСТИКА |
| Специфическое обозначение материала и объем |
101 с. |
| Размеры |
20 |
| 225 1# - СЕРИЯ |
| Основное заглавие серии |
Высшее образование |
| 300 ## - ОБЩИЕ ПРИМЕЧАНИЯ |
| Текст примечания |
На обл.: Phraseologie der deutschen Gegenwartssprache in Theorie und Übungen / A.E. Gusseva |
| 320 ## - ПРИМЕЧАНИЯ О НАЛИЧИИ В ДОКУМЕНТЕ БИБЛИОГРАФИИ / УКАЗАТЕЛЯ |
| Текст примечания |
Библиогр.: с. 98-99 (15 назв.) |
| 512 1# - ЗАГЛАВИЕ ОБЛОЖКИ |
| Связь между полями |
z12790 |
| Заглавие обложки |
Phraseologie der deutschen Gegenwartssprache in Theorie und Übungen |
| 606 1# - НАИМЕНОВАНИЕ ТЕМЫ КАК ПРЕДМЕТ |
| Наименование темы |
Немецкий язык |
| Формальный подзаголовок |
Учебные издания для высших учебных заведений |
| Тематический подзаголовок |
Фразеология |
| Системный номер авторитетной/нормативной записи |
1749542 |
| Идентификатор авторитетной/нормативной записи |
RU\NLR\auth\66783622 |
| 686 ## - ИНДЕКСЫ ДРУГИХ КЛАССИФИКАЦИЙ |
| Индекс |
Ш143.24-93рус3-33 |
| 700 #1 - ИМЯ ЛИЦА - ПЕРВИЧНАЯ ОТВЕТСТВЕННОСТЬ |
| Код отношения |
Автор |
| Материалы, к которым относится поле |
rus |
| Графика поля |
Кириллица |
| Начальный элемент ввода |
Гусева |
| Часть имени, кроме начального элемента ввода |
А. Е. |
| Дополнения к именам, кроме дат |
филолог |
| Расширение инициалов личного имени |
Алла Ефимовна |
| Идентификатор авторитетной/нормативной записи |
RU\NLR\auth\7727029 |
| Системный номер авторитетной/нормативной записи |
10066 |
| 790 #1 - ИМЯ ЛИЦА - АЛЬТЕРНАТИВНАЯ ФОРМА |
| Код отношения |
Автор |
| Материалы, к которым относится поле |
rus |
| Графика поля |
Латинская |
| Начальный элемент ввода |
Guseva |
| Часть имени, кроме начального элемента ввода |
A. E. |
| Дополнения к именам, кроме дат |
филолог |
| Расширение инициалов личного имени |
Alla Efimovna |
| Идентификатор авторитетной/нормативной записи |
RU\NLR\auth\7727030 |
| Системный номер авторитетной/нормативной записи |
10067 |
| 801 #0 - ИСТОЧНИК ЗАПИСИ |
| Страна |
российская федерация |
| Организация |
NLR |
| Дата составления |
20050712 |
| Правила каталогизации |
PSBO |
| 801 #1 - ИСТОЧНИК ЗАПИСИ |
| Страна |
российская федерация |
| Организация |
NLR |
| Дата составления |
20050712 |
| 942 ## - ДОПОЛНИТЕЛЬНЫЕ ЭЛЕМЕНТЫ ЗАПИСИ (АБИС) |
| Тип экземпляра АБИС |
Книга |
| 980 ## - КОЛЛЕКЦИЯ |
| Название коллекции |
Национальная библиография |